000 00808na a2200265 4500
999 _c14437
_d14437
001 13902
003 MIRAKIL
005 20210625130814.0
008 160828b tu 000 0
035 _a13902
040 _aMilas
_btur
_cTR-AnCHP
082 _aDAN 956.10203
_bC85 1983
090 _aDAN 956.10203 C85 1983
245 _aCumhuriyet dönemi Türkiye ansiklopedisi
246 _aTürkiye ansiklopedisi
260 _aİstanbul
_bİletişim
_c1983
300 _a10 c.
_bres.
_c30 sm.
500 _ac. 11.-15. Yüzyıl biterken
504 _aDizin var.
650 _aAnsiklopediler
_zTürkiye
651 _aTürkiye
_xAnsiklopediler
_xTarih
_y1918-1960
856 _zDijital Nüshası için Partimizin Kütüphane Sorumlusu ile iletişime geçiniz.
942 _2ddc
_cBKS
999 _d10172